AU LIBRARIES
Centralized Library System Across Seven Campuses

Critical Discourse Analysis (Record no. 47408)

MARC details
000 -LEADER
fixed length control field 00430nam a2200169 4500
005 - DATE AND TIME OF LATEST TRANSACTION
control field 20260427125500.0
008 - FIXED-LENGTH DATA ELEMENTS--GENERAL INFORMATION
fixed length control field 260427b |||||||| |||| 00| 0 eng d
020 ## - INTERNATIONAL STANDARD BOOK NUMBER
ISBN 9781405858229
082 ## - DEWEY DECIMAL CLASSIFICATION NUMBER
Classification number 401.9
Author Mark FAI-C
100 ## - MAIN ENTRY--AUTHOR
Author Name Fairclough Norman
245 ## - TITLE STATEMENT
Title Critical Discourse Analysis
Sub-Title The Critical Study of Language
250 ## - EDITION STATEMENT
Edition statement 2nd Ed
260 ## - PUBLICATION, DISTRIBUTION, ETC.
Place of Publication New York
Name of publisher, distributor, etc. Routledge
300 ## - PHYSICAL DESCRIPTION
Pages 256p
650 ## - SUBJECT ADDED ENTRY--TOPICAL TERM
Subject / Department English
942 ## - ADDED ENTRY ELEMENTS (KOHA)
Koha item type Book
Holdings
Withdrawn status Lost status Damaged status Not for loan Collection code Permanent Location Current Location Shelving Location Date acquired Source of acquisition Total Checkouts Full Call Number Accession No./Barcode Date last seen Koha item type
        English Air University H-11 Campus Islamabad Air University H-11 Campus Islamabad English Literature 04/27/2026 Ali Book Services   401.9 FAI-C AUHEP0015 04/27/2026 Book
Air University Sector E-9, Islamabad Pakistan
Email: librarian@au.edu.pk  Tel : +0092 51 9262612 Ext: 631